| 000 | 00663nam a2200265Ia 4500 | ||
|---|---|---|---|
| 008 | 190123s9999 xx 000 0 und d | ||
| 020 | _a9780590672979 | ||
| 050 | _bH221 1974 | ||
| 100 | _aHamilton, Virginia | ||
| 245 | 0 | _aM.C. Higgins, the great / | |
| 245 | 0 | _cby Virginia Hamilton. | |
| 260 | _aNew York, New York : | ||
| 260 | _bScholastic, | ||
| 260 | _c1974 | ||
| 300 | _a278 pages : | ||
| 300 | _bcolored illustrations ; | ||
| 300 | _c19cm. | ||
| 500 | _a620L | ||
| 650 | _aAfrican American. | ||
| 650 | _aFactory and trade waste. | ||
| 650 | _aFamilies. | ||
| 650 | _aMountain life. | ||
| 650 | _aStrip mining. | ||
| 700 | _aTitle. | ||
| 999 |
_c361089 _d361089 |
||